00000000nam##2200000za#4500
0019.625206
003CaOODSP
00520210420090205
007ta
008150406|2000||||xxc|||||     f|0| 0 fre|d
020 |a0-662-84257-X
040 |aCaOODSP|bfre
043 |an-cn---
0861 |aH42-2/67-16-1999F
1101 |aCanada. |bDirection générale des produits de santé et des aliments.
24510|aGénotoxicité: batterie d'épreuves normalisées pour l'évaluation de la génotoxicité des produits pharmaceutiques
260 |aOttawa - Ontario : |bSanté Canada. |c2000.
300 |aii, 11p. ; |c28 cm.
4901 |aLigne directrice à l'intention de l'industrie |vICH thème S2B
563 |aFeuilles mobiles
590 |a01-25|b2001-06-22
69107|aTest|2gcpds
69107|aToxicologie|2gcpds
69107|aMédicament|2gcpds
7760#|tGénotoxicité : |w(CaOODSP)9.603910
830#0|aLigne directrice à l'intention de l'industrie ;|vICH thème S2B|w(CaOODSP)9.513090